| 000 | 00848nam a22001817a 4500 | ||
|---|---|---|---|
| 008 | 110725s1990 ua|||||r|||| 00| 0 ara d | ||
| 020 | _a9775140031 | ||
| 082 |
_222 _a355.332956 _bب ع ي |
||
| 100 |
_926400 _aبعيري، إليعازر |
||
| 245 |
_aضباط الجيش : _bفي السياسة والمجتمع العربي / _cاليعازر بعيري ؛ ترجمة بدر الرفاعي |
||
| 260 |
_aالقاهرة : _bسينا للنشر، 1990 _c1990 |
||
| 300 |
_a499 ص ؛ _c22 سم |
||
| 504 | _aيحتوي على إرجاعات ببليوجرافية ص 499 | ||
| 650 |
_926401 _aالقوات المسلحة _zالعالم العربي |
||
| 653 |
_bPol _cJuly2011 |
||
| 942 |
_2ddc _cBB |
||
| 999 |
_c15727 _d15727 |
||